000 00582nam a22002297a 4500
001 64192
003 UA-OsUOA
005 20211024181455.0
007 ta
008 20091102b un ||||| |||| 00| 0 ukr d
040 _aUA-OsUOA
_brus
_cUA-OsUOA
_dUA-OsUOA
041 _arus
080 _a94(470+571)
090 _a94(470+571)
_bК89
100 _aКузминов М. Я.
245 _aО боях-пожарищах, о друзьях-товарищах...
260 _aК.
_c1983
300 _a190 с.
650 7 _a94 Історія
_2UDC
942 _cBK
_2udc
955 _a4
999 _c350219
_d350219